00287nam a2200121Ia 45000030006000000080041000060400015000471000011000622450037000732600026001105460012001360050017001480STCL150530s9999 xx 000 0 und d aSTCLcSTCL aHeaney aScamas Heaney door into the dark bFaber and Faberc1969 aEnglish20220125170931.0